[Event "Mittelfrankenliga-B2a 0607"]
[Site "Mittelfranken"]
[Date "2007.03.25"]
[Round "8.7"]
[White "Appl, Rudolf"]
[Black "Hartmann, Rainer"]
[Result "0-1"]
[WhiteElo "1671"]
[BlackElo "1769"]
[PlyCount "84"]
[EventDate "2006.10.22"]
[EventType "team-tourn"]
[EventRounds "9"]
[EventCountry "GER"]
[SourceTitle "EXT 2011"]
[Source "ChessBase"]
[SourceDate "2010.11.26"]
[SourceVersion "1"]
[SourceVersionDate "2010.11.26"]
[SourceQuality "1"]
[WhiteTeam "Neumarkt"]
[BlackTeam "Lauf"]
[WhiteTeamCountry "GER"]
[BlackTeamCountry "GER"]

1. b3 e5 2. Bb2 Nc6 3. c4 d6 4. g3 f5 5. Bg2 Nf6 6. Nc3 Bd7 7. e3 Rb8 8. Nge2 Qc8 9. 0-0 Be7 10. d4 0-0 11. a3 Kh8 12. Qc2 Nd8 13. Rac1 Nf7 14. Nd5 Nxd5 15. Bxd5 e4 16. f3 Ng5 17. c5 c6 18. cxd6 Bxd6 19. h4 Nxf3+ 20. Rxf3 exf3 21. Bxf3 Qe8 22. Qd3 Qe7 23. e4 Bxa3 24. Bxa3 Qxa3 25. e5 Be6 26. Rc3 Rbd8 27. Nf4 Qe7 28. Kf2 Qd7 29. Rc5 Rfe8 30. Ke3 Qe7 31. Rc3 Bf7 32. Qxf5 g6 33. Qd3 g5 34. hxg5 Qxg5 35. Kf2 Rxe5 36. Be4 Qh6 37. Kg2 Ra5 38. Rc2 Ra1 39. Kf3 Qh1+ 40. Ng2 Rf1+ 41. Ke3 Qg1+ 42. Kd2 Rd1+ 0-1

[Event "Mittelfrankenliga-B2a 0607"]
[Site "Mittelfranken"]
[Date "2006.10.22"]
[Round "1.8"]
[White "Hartmann, Rainer"]
[Black "Gassner, Thomas"]
[Result "1-0"]
[WhiteElo "1769"]
[BlackElo "1443"]
[PlyCount "55"]
[EventDate "2006.10.22"]
[EventType "team-tourn"]
[EventRounds "9"]
[EventCountry "GER"]
[SourceTitle "EXT 2011"]
[Source "ChessBase"]
[SourceDate "2010.11.26"]
[SourceVersion "1"]
[SourceVersionDate "2010.11.26"]
[SourceQuality "1"]
[WhiteTeam "Lauf"]
[BlackTeam "Lauf II"]
[WhiteTeamCountry "GER"]
[BlackTeamCountry "GER"]

1. e4 c6 2. d4 d5 3. Nc3 e6 4. e5 Bd7 5. f4 c5 6. Nf3 Nc6 7. Be2 Nge7 8. dxc5 Nf5 9. g4 Nh4 10. Be3 Nxf3+ 11. Bxf3 d4 12. Bxd4 Nxd4 13. Qxd4 Qc7 14. Ne4 Bc6 15. Nd6+ Bxd6 16. cxd6 0-0-0 17. Qxa7 Qb8 18. Qxb8+ Kxb8 19. Bxc6 bxc6 20. Kd2 Kb7 21. b4 Kb6 22. c4 c5 23. a3 Rd7 24. Rhb1 f6 25. Kd3 h5 26. bxc5+ Kxc5 27. Rb5+ Kc6 28. Rab1 1-0

[Event "Mittelfrankenliga-B2a 0506"]
[Site "Germany"]
[Date "2005.11.20"]
[Round "2.8"]
[White "Hartmann, Rainer"]
[Black "Balhar, Michael"]
[Result "1-0"]
[WhiteElo "1805"]
[BlackElo "1638"]
[PlyCount "101"]
[EventDate "2005.10.16"]
[EventType "team"]
[EventRounds "9"]
[EventCountry "GER"]
[SourceTitle "EXT 2007"]
[Source "ChessBase"]
[SourceDate "2006.11.23"]
[SourceVersion "1"]
[SourceVersionDate "2006.11.23"]
[SourceQuality "1"]

1. e4 d5 2. exd5 Qxd5 3. Nc3 Qa5 4. Nf3 Nf6 5. Be2 Bg4 6. d3 c6 7. Bd2 Qc7 8. Nd4 Qe5 9. Be3 Bxe2 10. Qxe2 Nbd7 11. f4 Qh5 12. Qxh5 Nxh5 13. 0-0 e5 14. fxe5 g6 15. e6 Ne5 16. exf7+ Nxf7 17. Ne6 Ke7 18. Nxf8 Rhxf8 19. Rae1 Kd7 20. Bc5 Nd6 21. Ne4 Rxf1+ 22. Rxf1 Nxe4 23. dxe4 b6 24. Bd4 Re8 25. Rf7+ Re7 26. Rxe7+ Kxe7 27. g3 c5 28. Bc3 b5 29. a3 a6 30. Kf2 h6 31. Kf3 Nf6 32. Bxf6+ Kxf6 33. h4 c4 34. g4 g5 35. hxg5+ hxg5 36. Ke3 Ke5 37. b3 a5 38. a4 bxa4 39. bxa4 c3 40. Kd3 Kf4 41. Kd4 Kxg4 42. e5 Kf5 43. Kd5 g4 44. e6 Kf4 45. e7 Ke3 46. e8Q+ Kd2 47. Qe4 Kc1 48. Qg2 g3 49. Kd4 Kb2 50. Kd3 Ka3 51. Kxc3 1-0

[Event "Mittelfranken-chT 0405"]
[Site "Germany"]
[Date "2005.03.13"]
[Round "7.4"]
[White "Beck, Gerhard"]
[Black "Hartmann, Rainer"]
[Result "0-1"]
[WhiteElo "1931"]
[BlackElo "1808"]
[PlyCount "46"]
[EventDate "2004.10.17"]
[EventType "team"]
[EventRounds "9"]
[EventCountry "GER"]
[SourceTitle "EXT 2007"]
[Source "ChessBase"]
[SourceDate "2006.11.23"]
[SourceVersion "1"]
[SourceVersionDate "2006.11.23"]
[SourceQuality "1"]

1. c4 e5 2. Nc3 Nf6 3. g3 Nc6 4. Bg2 Bb4 5. Nd5 Nxd5 6. cxd5 Ne7 7. a3 Ba5 8. b4 Bb6 9. e3 0-0 10. Bb2 d6 11. Ne2 Bd7 12. 0-0 c6 13. Nc3 cxd5 14. Nxd5 Nxd5 15. Bxd5 Bc6 16. Bb3 Qd7 17. a4 a6 18. f4 Qh3 19. Qe2 Rae8 20. Rf2 exf4 21. Rxf4 Rxe3 22. dxe3 Bxe3+ 23. Rf2 Qg2# 0-1

[Event "Mittelfranken-chT 0405"]
[Site "Germany"]
[Date "2004.12.19"]
[Round "4.4"]
[White "Hartmann, Rainer"]
[Black "Leibing, Kai Ingo"]
[Result "0-1"]
[WhiteElo "1808"]
[BlackElo "1833"]
[PlyCount "84"]
[EventDate "2004.10.17"]
[EventType "team"]
[EventRounds "9"]
[EventCountry "GER"]
[SourceTitle "EXT 2007"]
[Source "ChessBase"]
[SourceDate "2006.11.23"]
[SourceVersion "1"]
[SourceVersionDate "2006.11.23"]
[SourceQuality "1"]

1. e4 d6 2. d4 Nf6 3. Nc3 c6 4. Nf3 Bg4 5. Be2 e6 6. 0-0 Be7 7. Be3 0-0 8. Nd2 Bxe2 9. Qxe2 Nbd7 10. f4 e5 11. Nb3 b6 12. Rad1 Qc8 13. h3 c5 14. fxe5 dxe5 15. d5 c4 16. Nd2 Bc5 17. Nxc4 b5 18. Na5 b4 19. Nc6 Qc7 20. Bxc5 Nxc5 21. Nb5 Qb6 22. Kh2 Ncxe4 23. Nxe5 a6 24. Nd4 Qd6 25. Ndc6 Rac8 26. Rf4 Nc5 27. Kh1 Rfe8 28. Rdf1 Ncd7 29. Re1 Nxd5 30. Re4 N7f6 31. Rc4 Nd7 32. b3 f6 33. Ne7+ Qxe7 34. Nxd7 Qxd7 35. Rxc8 Rxc8 36. Qd2 Qc6 37. Re4 Rb8 38. Rc4 Qe6 39. Qf2 Qe5 40. Qf3 Rd8 41. Re4 Qb8 42. Rd4 Nc3 0-1